Central Library OPAC University of Rajshahi

An infinity of mirrors / (Record no. 16655)

MARC details
000 -LEADER
fixed length control field 00753cam a22002531 4500
001 - CONTROL NUMBER
control field 16655
003 - CONTROL NUMBER IDENTIFIER
rucl marc code BD-RjUL
005 - DATE AND TIME OF LATEST TRANSACTION
control field 20211209000033.0
008 - FIXED-LENGTH DATA ELEMENTS--GENERAL INFORMATION
fixed length control field 140215s1964 nyu b 001 1 eng
035 ## - SYSTEM CONTROL NUMBER
System control number (BD-RjUL)16710
040 ## - CATALOGING SOURCE
Original cataloging agency DLC
Transcribing agency Wa
Modifying agency DLC
-- BD-RjUL
Language of cataloging eng
041 ## - LANGUAGE CODE
Language code of text/sound track or separate title eng
082 04 - DEWEY DECIMAL CLASSIFICATION NUMBER
Edition number 19
Classification number 813.5
Author mark and year COI 1964
100 1# - MAIN ENTRY--PERSONAL NAME
Personal name Condon, Richard.
9 (RLIN) 51443
245 13 - TITLE STATEMENT
Title An infinity of mirrors /
Statement of responsibility, etc. Richard Condon.
260 ## - PUBLICATION, DISTRIBUTION, ETC. (IMPRINT)
Place of publication, distribution, etc. New York :
Name of publisher, distributor, etc. Random,
Date of publication, distribution, etc. 1964.
300 ## - PHYSICAL DESCRIPTION
Pagination vii, 333 p. ;
Size 22 cm.
504 ## - BIBLIOGRAPHY, ETC. NOTE
Bibliography, etc Bibliographical references included in "Author's note" (p. v-vii)
650 #0 - SUBJECT ADDED ENTRY--TOPICAL TERM
Topical term or geographic name as entry element Germany.
9 (RLIN) 51444
942 ## - ADDED ENTRY ELEMENTS (KOHA)
Source of classification or shelving scheme Dewey Decimal Classification
Koha item type Books
Holdings
Lost status Source of classification or shelving scheme Damaged status Not for loan Collection code Permanent Location Current Location Shelving location Date acquired Source of acquisition Total Checkouts Full call number Date last seen Copy number Koha item type
  Dewey Decimal Classification   Not For Loan Non-fiction Central Library, University of Rajshahi Central Library, University of Rajshahi Reading Room 20/04/1965 British international Australia   813.5 COI 1964 15/02/2014 C-1 Books